000 00773cam a2200205 a 4500
001 000002766
005 20200929150244.0
008 920922s1991 ck a 000 0 spa
010 _a92218666
040 _aDO-SdBNP
_cDLC
082 _aCo862.6
_bT253t
110 2 _aTeatro TECAL (Bogotá Colombia)
_98716
245 1 0 _aTeatro contemporáneo colombiano :
_btres obras /
_ccreacion, Teatro TECAL ; dramaturgia, Crispulo Torres B.
260 _aSantafé de Bogotá :
_bEdiciones Saltar la Piedra,
_c1991.
300 _a80 p. :
_bil. ;
_c20 cm.
505 0 _aPreludio para andantes, o, Fuga eterna -- Domitilo el rey de la rumba -- Los gaticos.
650 0 _aDrama colombiano
_ySIGLO 20.
_98717
700 1 _aTorres B., Crispulo.
_98718
910 _aCatalogación por copia / LC
999 _c2600
_d2600